LEADER 01093nam a2200253 i 4500 001 000000172313 003 CaOOAMICUS 005 20080605000000.0 008 080605s1954 it u000 u ita u 013 $a149754 040 $aSeMil$bita 100 1 $aTeresa : de Jesús,$c.$0(OLS)http://semarc/name/3106 240 10$aLibro de la vida.$0(OLS)http://semarc/title/76149 245 13$aIl libro della sua vita :$b(Autobiografia) /$cSanta Teresa D'avila ; a cura di Flaviarosa Rossini. 260 $aTorino :$bUnione Tipografico-Editrice Torinese,$cstampa 1954. 300 $a432 p., [1] ritr. ;$c19 cm. 500 $aContiene : Bibliografia. 700 1 $aRossini, Flaviarosa.$0(OLS)http://semarc/name/32509 850 $aSeMil 852 $aSeMil$W1$xVenegono$y1$m1W III 9$j123175$B123175$CSeMilBibl$Z2$F134426 $81 900 0 $aTeresa : d'Avila. 996 $6245$aIl libro della sua vita :$b(Autobiografia)$9(OLS)http://semarc/title/246723 996 $6260$aTorino :$bUnione Tipografico-Editrice Torinese$9(OLS)http://semarc/publisher/29628 LEADER 01113nam a2200289 i 4500 001 000000119857 003 CaOOAMICUS 005 20091021000000.0 008 091021s1990 it u000 u ita u 013 $a92551 020 $a88-10-40911-6 040 $aSeMil$bita 100 1 $aPozzoli, Luigi,$d<1932-2011>.$0(OLS)http://semarc/name/4230 245 10$aVincerà la Parola? :$btra scrittori e profeti /$cLuigi Pozzoli. 260 $aBologna :$bEDB,$c1990. 300 $a206 p. ;$c22 cm. 490 0 $aTeologia viva ;$v6 500 $aFondo Card. C.M. Martini. 650 4$aLetteratura e spiritualità.$0(OLS)http://semarc/subject/5145 830 0$aTeologia viva ;$v6.$0(OLS)http://semarc/title/2664 850 $aSeMil 852 $aSeMil$W1$xVenegono$y1$m2F I 78$j75064$B75064$CSeMilBibl$Z2$F92530 $81 941 1 $a4 961 $aOmaggio: Martini Card. Carlo Maria 996 $6020$a88-10-40911-6$9(OLS)http://semarc/number/104902 996 $6245$aVincerà la Parola? :$btra scrittori e profeti$9(OLS)http://semarc/title/176266 996 $6260$aBologna :$bEDB$9(OLS)http://semarc/publisher/29669